Význam mikro podnikov pre slovenskú ekonomiku

Vybrané ukazovatele vývoja ekonomiky SR. Charakteristika podnikateľského prostredia v SR. Rozdelenie podnikateľských subjektov do jednotlivých regiónov Slovenska. Charakteristika mikropodnikov a ich význam pre slovenskú ekonomiku.

Uložené v:
Podrobná bibliografia
Hlavný autor: Tóthová, Alena, 1968-
Médium: Kapitola
Jazyk:Slovak
Predmet:
Tagy: Pridať tag
Žiadne tagy, Buďte prvý, kto otaguje tento záznam!

MARC

LEADER 00000nla a2200000 4500
001 0195623
005 20240502073302.0
041 0 |a slo 
044 |a SK 
245 1 0 |a Význam mikro podnikov pre slovenskú ekonomiku  |c Alena Tóthová 
520 |a Vybrané ukazovatele vývoja ekonomiky SR. Charakteristika podnikateľského prostredia v SR. Rozdelenie podnikateľských subjektov do jednotlivých regiónov Slovenska. Charakteristika mikropodnikov a ich význam pre slovenskú ekonomiku. 
610 2 0 |a mikropodnik 
610 2 0 |a Slovensko 
610 2 0 |a ukazovatele makroekonomické 
610 2 0 |a prostredie podnikateľské 
610 2 0 |a regióny 
610 2 0 |a výkazy finančné 
100 1 |a Tóthová, Alena, 1968-